Report of the Second FAO Ad Hoc Expert Advisory Panel for the Assessment of Proposals to Amend Appendices I and II of CITES Concerning Commercially-exploited Species : (Record no. 15674)

000 -LEADER
fixed length control field 01093nam a2200229Ia 4500
020 ## - INTERNATIONAL STANDARD BOOK NUMBER
ISBN 9789251057315
020 ## - INTERNATIONAL STANDARD BOOK NUMBER
ISBN 9251057311
040 ## - CATALOGING SOURCE
Transcribing agency CUS
082 ## - DEWEY DECIMAL CLASSIFICATION NUMBER
Classification number 664 FOO 2007 A056 Or.
245 10 - TITLE STATEMENT
Title Report of the Second FAO Ad Hoc Expert Advisory Panel for the Assessment of Proposals to Amend Appendices I and II of CITES Concerning Commercially-exploited Species :
Remainder of title Rome, 26-30 March 2007
246 30 - VARYING FORM OF TITLE
Title proper/short title Second FAO Ad Hoc Expert Advisory Panel for the Assessment of Proposals to Amend Appendices I and II of CITES Concerning Commercially-exploited Species
246 30 - VARYING FORM OF TITLE
Title proper/short title FAO Ad Hoc Expert Advisory Panel for the Assessment of Proposals to Amend Appendices I and II of CITES Concerning Commercially-exploited Species
260 ## - PUBLICATION, DISTRIBUTION, ETC. (IMPRINT)
Place of publication Rome :
Name of publisher Food and Agriculture Organization of the United Nations,
Year of publication 2007
300 ## - PHYSICAL DESCRIPTION
Number of Pages v, 133 p. :
Other physical details ill. ;
Dimensions 30 cm
500 ## - GENERAL NOTE
General note "FIMF/R833(En)."
650 #0 - SUBJECT ADDED ENTRY--TOPICAL TERM
Topical Term Marine animals
650 #0 - SUBJECT ADDED ENTRY--TOPICAL TERM
Topical Term Marine animals
650 #0 - SUBJECT ADDED ENTRY--TOPICAL TERM
Topical Term Endangered species
650 #0 - SUBJECT ADDED ENTRY--TOPICAL TERM
Topical Term Endangered species
710 2# - ADDED ENTRY--CORPORATE NAME
Corporate name or jurisdiction name as entry element Food and Agriculture Organization of the United Nations
942 ## - ADDED ENTRY ELEMENTS (KOHA)
Koha item type សៀវភៅភាសាអង់គ្លេស
952 ## - LOCATION AND ITEM INFORMATION (KOHA)
Withdrawn status [LOCAL, KOHA] 0
Holdings
Permanent Location Date acquired Koha item type Lost status Shelving location Barcode Current Location Full call number
Library Block A2017-12-05សៀវភៅភាសាអង់គ្លេស A056A14905Library Block A664 FOO 2007 A056 Or.
មជ្ឈមណ្ឌលឯការនៃសាកលវិទ្យាល័យភូមិន្ទកសិកម្មចំការដូង

Powered by Koha